4 + 4 = 7 Quiz Stats

 Plays Quiz Updated Apr 11, 2020

     
Support Sporcle.
Go Orange.
Score 0/66 Timer 09:00
2 Plays Today
Hint Answer % Correct
First 4-Letter WordABEL
93.7%
First 4-Letter WordEARN
83.6%
Second 4-Letter WordNEST
83.5%
First 4-Letter WordKILL
81.2%
First 4-Letter WordNEMO
79.5%
First 4-Letter WordWALL
79.1%
First 4-Letter WordBEAT
78.7%
First 4-Letter WordMUST
77.6%
Second 4-Letter WordTRIX
76.4%
Second 4-Letter WordLARD
75.2%
7-Letter WordEARNEST
74.1%
Second 4-Letter WordCARD
73.1%
First 4-Letter WordGERM
72.7%
Second 4-Letter WordMANY
72%
Second 4-Letter WordTANG
71.3%
7-Letter WordBEATRIX
70.8%
Second 4-Letter WordKNOW
70.8%
First 4-Letter WordFORT
69.2%
First 4-Letter WordLUCK
68.8%
Second 4-Letter WordLOCK
68.4%
7-Letter WordGERMANY
68.4%
7-Letter WordMUSTANG
68.2%
7-Letter WordABELARD
67.7%
First 4-Letter WordPLUM
65.5%
Second 4-Letter WordTINE
64.6%
First 4-Letter WordOTTO
63.6%
Second 4-Letter WordHURT
63.4%
First 4-Letter WordHERR
62.8%
Second 4-Letter WordLENT
61.1%
7-Letter WordKILLOCK
60.4%
Second 4-Letter WordOMAN
59.1%
Second 4-Letter WordDENT
58.8%
7-Letter WordLUCKNOW
58.6%
Hint Answer % Correct
First 4-Letter WordREST
57.9%
Second 4-Letter WordTART
57.4%
7-Letter WordOTTOMAN
56.2%
Second 4-Letter WordLOON
55%
First 4-Letter WordYOGH
54.3%
7-Letter WordYOGHURT
54%
7-Letter WordPLUMAGE
53.8%
Second 4-Letter WordMAGE
53.6%
First 4-Letter WordDISC
53.3%
7-Letter WordDISCARD
52.9%
7-Letter WordWALLOON
51.9%
First 4-Letter WordSTUD
50.6%
Second 4-Letter WordRANT
50.4%
First 4-Letter WordCHIC
50.3%
7-Letter WordSTUDENT
50.2%
7-Letter WordRESTART
50%
Second 4-Letter WordRIOT
47.5%
Second 4-Letter WordCORY
46.6%
First 4-Letter WordVIOL
45%
First 4-Letter WordJUST
44.4%
7-Letter WordVIOLENT
43.4%
7-Letter WordHERRIOT
42.3%
First 4-Letter WordTORO
41.1%
7-Letter WordCHICORY
40.5%
7-Letter WordTORONTO
38.5%
Second 4-Letter WordONTO
38%
Second 4-Letter WordORAL
37.8%
7-Letter WordJUSTINE
37.4%
7-Letter WordNEMORAL
36.6%
Second 4-Letter WordTUNA
36.5%
7-Letter WordFORTUNA
35.2%
First 4-Letter WordITER
16.6%
7-Letter WordITERANT
15.4%

From the Vault

Sunday Crossword: Winter Wonderland

by rer2121

It's a winter wonderland until we're all snowed in without power.
Remove Ads.
Support Sporcle.
Get the best of Sporcle when you Go Orange. This ad-free experience offers more features, more stats, and more fun while also helping to support Sporcle. Thank you for becoming a member.

Show Comments

Extras

Top Quizzes Today


Score Distribution

Your Account Isn't Verified!

In order to create a playlist on Sporcle, you need to verify the email address you used during registration. Go to your Sporcle Settings to finish the process.

Report this User

Report this user for behavior that violates our Community Guidelines.

Details: